<?xml version="1.0" encoding="UTF-8"?><?xml-stylesheet type="text/xsl" href="static/style.xsl"?><OAI-PMH xmlns="http://www.openarchives.org/OAI/2.0/" xmlns:xsi="http://www.w3.org/2001/XMLSchema-instance" xsi:schemaLocation="http://www.openarchives.org/OAI/2.0/ http://www.openarchives.org/OAI/2.0/OAI-PMH.xsd"><responseDate>2026-04-17T06:03:51Z</responseDate><request verb="GetRecord" identifier="oai:www.recercat.cat:2445/190113" metadataPrefix="marc">https://recercat.cat/oai/request</request><GetRecord><record><header><identifier>oai:recercat.cat:2445/190113</identifier><datestamp>2025-11-20T10:53:23Z</datestamp><setSpec>com_2072_1057</setSpec><setSpec>col_2072_478857</setSpec><setSpec>col_2072_478917</setSpec></header><metadata><record xmlns="http://www.loc.gov/MARC21/slim" xmlns:dcterms="http://purl.org/dc/terms/" xmlns:xsi="http://www.w3.org/2001/XMLSchema-instance" xmlns:doc="http://www.lyncode.com/xoai" xsi:schemaLocation="http://www.loc.gov/MARC21/slim http://www.loc.gov/standards/marcxml/schema/MARC21slim.xsd">
   <leader>00925njm 22002777a 4500</leader>
   <datafield ind2=" " ind1=" " tag="042">
      <subfield code="a">dc</subfield>
   </datafield>
   <datafield ind2=" " ind1=" " tag="720">
      <subfield code="a">Colomines i Companys, Agustí, 1957-</subfield>
      <subfield code="e">author</subfield>
   </datafield>
   <datafield ind2=" " ind1=" " tag="260">
      <subfield code="c">2022-10-24T16:32:38Z</subfield>
   </datafield>
   <datafield ind2=" " ind1=" " tag="260">
      <subfield code="c">2022-10-24T16:32:38Z</subfield>
   </datafield>
   <datafield ind2=" " ind1=" " tag="260">
      <subfield code="c">2022-06-01</subfield>
   </datafield>
   <datafield ind2=" " ind1=" " tag="260">
      <subfield code="c">2022-10-24T16:32:38Z</subfield>
   </datafield>
   <datafield ind2=" " ind1=" " tag="520">
      <subfield code="a">[spa] A pesar de su conservadurismo, el general Vicente Rojo (1894-1966), quien al estallar la guerra era comandante, se mantuvo leal a la República, mientras que otros militares, amigos suyos y compañeros en la Academia Militar de Toledo, se incorporaron al Ejército Nacional, como por ejemplo el también comandante Emilio Alamán. Este artículo se centra en las historias humanas que vivieron entre ellos. A partir de su testimonio, plasmado en una autobiografía inédita, reconstruimos sus decisiones y angustias. Mediante entrevistas a los familiares de Rojo se reconstruyen algunos episodios de la vida cotidiana durante la guerra y el exilio. Si el exilio fue un refugio amargo, la vuelta a casa del general Rojo se convirtió en una maldición, como puede constatarse en sus escritos memorialistas, por su aislamiento e infortunio, y por lo que él consideró una falta de compañerismo por parte de sus antiguos camaradas. Para él fue una memoria afligida.</subfield>
   </datafield>
   <datafield ind2=" " ind1=" " tag="520">
      <subfield code="a">[eng] Despite his conservatism, General Vicente Rojo (1894-1966) was loyal to the Span- ish Republic, while other colleagues at the Military Academy of Toledo and friends joined the self- called National Army, such as Commander Emilio Alamán. This is the human story of Vicente Rojo during and after the Civil War. The article reconstructs Rojo decisions and anxieties from his testi- mony, embodied in some books, but also in an unpublished autobiography. Through interviews with Rojo family members, the author reconstructed some episodes of everyday life during the war and exile to highlight the human dimension of this soldier at critical moments. if the exile was a bitter refuge, back to home became a curse for General Rojo, as we can be seen in his memorialist writ- ings, for his isolation and misfortune, and for what he considered a lack of companionship from some of his former comrades. For him, it was a sorrowful memory.</subfield>
   </datafield>
   <datafield tag="653" ind2=" " ind1=" ">
      <subfield code="a">Guerra Civil Espanyola, 1936-1939</subfield>
   </datafield>
   <datafield tag="653" ind2=" " ind1=" ">
      <subfield code="a">Franquisme</subfield>
   </datafield>
   <datafield tag="653" ind2=" " ind1=" ">
      <subfield code="a">Exili</subfield>
   </datafield>
   <datafield tag="653" ind2=" " ind1=" ">
      <subfield code="a">Memòries</subfield>
   </datafield>
   <datafield tag="653" ind2=" " ind1=" ">
      <subfield code="a">Spanish Civil War, 1936-1939</subfield>
   </datafield>
   <datafield tag="653" ind2=" " ind1=" ">
      <subfield code="a">Francoism</subfield>
   </datafield>
   <datafield tag="653" ind2=" " ind1=" ">
      <subfield code="a">Exile</subfield>
   </datafield>
   <datafield tag="653" ind2=" " ind1=" ">
      <subfield code="a">Memoirs</subfield>
   </datafield>
   <datafield tag="653" ind2=" " ind1=" ">
      <subfield code="a">Rojo, Vicente, 1894-1966</subfield>
   </datafield>
   <datafield ind2="0" ind1="0" tag="245">
      <subfield code="a">Las lealtades del general Vicente Rojo. Un militar fiel a su profesión</subfield>
   </datafield>
   <datafield ind2="0" ind1="0" tag="245">
      <subfield code="a">The loyalties of general Vicente Rojo. A military faithfull to his profession</subfield>
   </datafield>
</record></metadata></record></GetRecord></OAI-PMH>